[Event "La Plagne Soleil op"]
[Site "La Plagne"]
[Date "2023.07.12"]
[Round "7"]
[White "Leniart, Arkadiusz"]
[Black "Aryan, Chopra"]
[Result "1/2-1/2"]
[WhiteElo "2493"]
[BlackElo "2626"]
[PlyCount "49"]
[EventDate "2023.07.08"]
[EventType "swiss"]
[EventRounds "9"]
[EventCountry "FRA"]
[SourceTitle "CBM 215 Extra"]
[Source "ChessBase"]
[SourceDate "2023.09.30"]
[SourceVersion "1"]
[SourceVersionDate "2023.09.30"]
[SourceQuality "1"]

1. e4 c5 2. c3 Nf6 3. e5 Nd5 4. Nf3 d6 5. Bb5+ Bd7 6. Bc4 e6 7. d4 Nb6 8. Bb3 cxd4 9. exd6 Bc6 10. Nxd4 Bxd6 11. Nxc6 Nxc6 12. Nd2 Qc7 13. Ne4 Bf4 14. Bxf4 Qxf4 15. Qe2 Rd8 16. g3 Qc7 17. 0-0 0-0 18. Bc2 h6 19. Rad1 Nd5 20. Bb1 Qe7 21. Rfe1 Rfe8 22. Nd2 Nf6 23. Ne4 Nd5 24. Nd2 Nf6 25. Ne4 1/2-1/2

[Event "POL Superleague Rapid"]
[Site "Poland"]
[Date "2023.04.04"]
[Round "1.10"]
[White "Bartel, Mateusz"]
[Black "Leniart, Arkadiusz"]
[Result "1-0"]
[WhiteElo "2605"]
[BlackElo "2501"]
[PlyCount "75"]
[EventDate "2023.04.04"]
[EventType "team-tourn (rapid)"]
[EventRounds "14"]
[EventCountry "POL"]
[SourceTitle "CBM 213 Extra"]
[Source "ChessBase"]
[SourceDate "2023.05.31"]
[SourceVersion "1"]
[SourceVersionDate "2023.05.31"]
[SourceQuality "1"]
[WhiteTeam "Wroclaw Polonia"]
[BlackTeam "Krakow Dwie Wieze"]
[WhiteTeamCountry "POL"]
[BlackTeamCountry "POL"]

1. c4 e6 2. Nf3 d5 3. e3 Nf6 4. b3 Be7 5. Bb2 0-0 6. Nc3 c5 7. cxd5 Nxd5 8. Qc2 Nxc3 9. dxc3 Nc6 10. h4 h6 11. g4 e5 12. g5 Bg4 13. Qe4 Bxf3 14. Qxf3 hxg5 15. Rd1 g4 16. Qxg4 Qc8 17. Qe4 Qe6 18. Bc4 Qh6 19. Rd7 Rad8 20. Rxb7 Qd6 21. Kf1 Na5 22. Rxa7 Nxc4 23. bxc4 Bf6 24. Kg2 Qd2 25. Rb7 Rb8 26. Ba3 Rxb7 27. Qxb7 Qxc3 28. Bxc5 Rd8 29. Qe4 Rc8 30. Rb1 g6 31. Rb5 Qd2 32. h5 gxh5 33. Qf5 Qd8 34. Bb6 Qe8 35. Qxf6 Rc6 36. Rxe5 Qa8 37. Rg5+ Kf8 38. Qh8+ 1-0

[Event "BL2-Nord 2223"]
[Site "Germany"]
[Date "2023.02.25"]
[Round "7.3"]
[White "Fromm, Marius"]
[Black "Leniart, Arkadiusz"]
[Result "0-1"]
[WhiteElo "2425"]
[BlackElo "2495"]
[PlyCount "166"]
[EventDate "2022.10.22"]
[EventType "team-tourn"]
[EventRounds "10"]
[EventCountry "GER"]
[SourceTitle "EXT 2024"]
[Source "ChessBase"]
[SourceDate "2023.10.10"]
[SourceVersion "1"]
[SourceVersionDate "2023.10.10"]
[SourceQuality "1"]
[WhiteTeam "Kiel Turm II"]
[BlackTeam "Ruedersdorf Glueckauf"]
[WhiteTeamCountry "GER"]
[BlackTeamCountry "GER"]

1. e4 e5 2. Nf3 Nc6 3. Bc4 Nf6 4. d3 Bc5 5. 0-0 a6 6. a4 d6 7. c3 Ba7 8. Nbd2 h6 9. Re1 g5 10. b4 Kf8 11. Nf1 g4 12. N3d2 h5 13. Nb3 h4 14. Be3 Nh5 15. b5 Ne7 16. d4 Ng6 17. bxa6 bxa6 18. Na5 Bd7 19. Bd5 Rb8 20. Nc6 Bxc6 21. Bxc6 Ngf4 22. Qxg4 Rg8 23. Qf5 Qg5 24. Rab1 h3 25. Rxb8+ Bxb8 26. Bxf4 Nxf4 27. g3 Ba7 28. Rb1 exd4 29. cxd4 Rg6 30. Rd1 Ne6 31. Qd5 Nxd4 32. Qxg5 Rxg5 33. Bd7 Ne2+ 34. Kh1 Nc3 35. Rc1 Nxe4 36. Bxh3 Nxf2+ 37. Kg2 Bb6 38. Bc8 Nd3 39. Ra1 Ra5 40. Nd2 Nc5 41. Nc4 Rxa4 42. Rxa4 Nxa4 43. Bxa6 Bd4 44. Bb7 Ke7 45. Kf3 Ke6 46. h4 d5 47. Bc8+ Kf6 48. Nd2 Nb6 49. Bb7 c5 50. Nb3 Bg1 51. g4 c4 52. Nd2 Ke5 53. h5 Bc5 54. g5 Bf8 55. g6 f5 56. Ba6 Bh6 57. Bb5 Kf6 58. Nf1 Nc8 59. Ne3 Ne7 60. Nc2 Ke5 61. Nb4 Kd6 62. Be8 Kc5 63. Na6+ Kb6 64. Nb4 d4 65. Bf7 Kb5 66. Nc2 Kc5 67. Na3 c3 68. Ke2 Nc6 69. Be6 f4 70. Bf5 Ne5 71. Nc2 d3+ 72. Bxd3 f3+ 73. Kf2 Nxd3+ 74. Kxf3 Nb4 75. Na3 Kd5 76. Kg4 Ke5 77. g7 Bxg7 78. Kg5 Ke6 79. Kg6 Be5 80. h6 Nd5 81. Nc2 Ne7+ 82. Kh7 Kf7 83. Ne1 Ng6 0-1

[Event "Roquetas de Mar op 34th"]
[Site "Roquetas de Mar"]
[Date "2023.01.08"]
[Round "9"]
[White "Leniart, Arkadiusz"]
[Black "Domingo Nunez, Ruben"]
[Result "1-0"]
[WhiteElo "2491"]
[BlackElo "2380"]
[PlyCount "93"]
[EventDate "2023.01.03"]
[EventType "swiss"]
[EventRounds "9"]
[EventCountry "ESP"]
[SourceTitle "CBM 212 Extra"]
[Source "ChessBase"]
[SourceDate "2023.03.31"]
[SourceVersion "1"]
[SourceVersionDate "2023.03.31"]
[SourceQuality "1"]

1. e4 c6 2. d4 d5 3. e5 Bf5 4. c4 e6 5. Nc3 dxc4 6. Bxc4 Nd7 7. Nge2 Ne7 8. Ng3 Nb6 9. Bb3 Bg6 10. h4 h6 11. h5 Bh7 12. 0-0 Nf5 13. Nxf5 Bxf5 14. g3 Be7 15. Be3 Qd7 16. Rc1 0-0 17. g4 Bh7 18. f4 Kh8 19. Qf3 f5 20. exf6 Bxf6 21. Rcd1 Nd5 22. Qg3 Nxe3 23. Qxe3 Rad8 24. Ne2 e5 25. f5 exd4 26. Qe4 c5 27. Nf4 b5 28. Be6 Qd6 29. Kg2 Rfe8 30. Ng6+ Bxg6 31. hxg6 c4 32. Rh1 Qb4 33. Qf4 Rxe6 34. fxe6 Qe7 35. g5 Bxg5 36. Qf7 Qc5 37. Rdf1 Qd5+ 38. Rf3 Qe4 39. e7 Rg8 40. Rh5 d3 41. Rxg5 hxg5 42. Kf2 Qe2+ 43. Kg3 Qe1+ 44. Kg4 Qe2 45. Kxg5 Qg2+ 46. Kh4 Qh2+ 47. Rh3 1-0

[Event "Roquetas de Mar op 34th"]
[Site "Roquetas de Mar"]
[Date "2023.01.05"]
[Round "5"]
[White "Leniart, Arkadiusz"]
[Black "Fier, Alexandr"]
[Result "1/2-1/2"]
[WhiteElo "2491"]
[BlackElo "2602"]
[PlyCount "155"]
[EventDate "2023.01.03"]
[EventType "swiss"]
[EventRounds "9"]
[EventCountry "ESP"]
[SourceTitle "CBM 212 Extra"]
[Source "ChessBase"]
[SourceDate "2023.03.31"]
[SourceVersion "1"]
[SourceVersionDate "2023.03.31"]
[SourceQuality "1"]

1. e4 c5 2. c3 e5 3. Nf3 Nc6 4. Bc4 Nf6 5. Ng5 d5 6. exd5 Nxd5 7. Qh5 g6 8. Qf3 Qxg5 9. Bxd5 Nd8 10. 0-0 Qe7 11. d4 cxd4 12. cxd4 exd4 13. b3 Be6 14. Nd2 Bh6 15. Ne4 Bxc1 16. Raxc1 0-0 17. Qf4 Bf5 18. Ng3 Qf6 19. Nxf5 gxf5 20. Be4 Ne6 21. Qxf5 Qxf5 22. Bxf5 Nf4 23. Rcd1 Ne2+ 24. Kh1 Rad8 25. Rd2 Rfe8 26. g3 Nc3 27. Kg2 b5 28. a3 Kg7 29. Rc1 h6 30. Kf3 Kf6 31. Bd3 a5 32. h4 Rc8 33. Rg1 Rc5 34. Rc2 Rce5 35. Kg2 Ke6 36. Rgc1 Kd5 37. Kf1 Kc5 38. Rd2 f5 39. Kg2 h5 40. Rb2 Kd6 41. Rd2 Kc5 42. Rb2 b4 43. a4 Rg8 44. Re2 Rxe2 45. Bxe2 f4 46. Bc4 Rd8 47. Bd3 fxg3 48. fxg3 Re8 49. Rf1 Re3 50. Rf3 Kd5 51. Bg6 Re2+ 52. Rf2 Re5 53. Rf8 Re2+ 54. Kh3 Ne4 55. Bxh5 d3 56. Bf3 Re3 57. Rd8+ Ke5 58. Bxe4 Kxe4 59. h5 Kf5 60. h6 Kg6 61. Rd6+ Kh7 62. Kh4 d2 63. g4 d1Q 64. Rxd1 Kxh6 65. Rd5 Rxb3 66. Rxa5 Rb1 67. Ra6+ Kg7 68. Kg5 b3 69. Ra7+ Kf8 70. Rb7 b2 71. a5 Ra1 72. Rxb2 Rxa5+ 73. Kh6 Ra6+ 74. Kh7 Ra7+ 75. Kh8 Kf7 76. Kh7 Kf8+ 77. Kh6 Ra6+ 78. Kg5 1/2-1/2

[Event "Roquetas de Mar op 34th"]
[Site "Roquetas de Mar"]
[Date "2023.01.03"]
[Round "1"]
[White "Feal Albala, Alonso"]
[Black "Leniart, Arkadiusz"]
[Result "0-1"]
[WhiteElo "2077"]
[BlackElo "2491"]
[PlyCount "86"]
[EventDate "2023.01.03"]
[EventType "swiss"]
[EventRounds "9"]
[EventCountry "ESP"]
[SourceTitle "CBM 212 Extra"]
[Source "ChessBase"]
[SourceDate "2023.03.31"]
[SourceVersion "1"]
[SourceVersionDate "2023.03.31"]
[SourceQuality "1"]

1. e4 e5 2. Nf3 Nc6 3. Bb5 a6 4. Ba4 Nf6 5. 0-0 Be7 6. Re1 b5 7. Bb3 0-0 8. a4 Bb7 9. d3 d6 10. c3 Na5 11. Bc2 c5 12. d4 Nd7 13. Nbd2 exd4 14. cxd4 Nc6 15. Nf1 Bf6 16. Be3 Re8 17. Ng3 g6 18. axb5 axb5 19. Rxa8 Bxa8 20. Qd2 Qc7 21. Bd3 cxd4 22. Bf4 Qb8 23. Bg5 Bh8 24. Bc2 Nde5 25. Nxe5 dxe5 26. Bb3 Qd6 27. Qd3 Rb8 28. Rf1 Na5 29. Ba2 b4 30. Bc4 Nxc4 31. Qxc4 Bc6 32. Rc1 Bb5 33. Qc5 Qxc5 34. Rxc5 Bg7 35. Bd2 f6 36. f3 Bf8 37. Rc2 Bd6 38. Nf1 Ra8 39. b3 Ra3 40. Bc1 Rxb3 41. Bb2 Bxf1 42. Kxf1 d3 43. Rd2 Bc5 0-1

[Event "Bratislava Slovakia op"]
[Site "Bratislava"]
[Date "2022.10.01"]
[Round "4"]
[White "Leniart, Arkadiusz"]
[Black "Korobov, Anton"]
[Result "0-1"]
[WhiteElo "2495"]
[BlackElo "2672"]
[PlyCount "126"]
[EventDate "2022.09.30"]
[EventType "swiss (rapid)"]
[EventRounds "9"]
[EventCountry "SVK"]
[SourceTitle "CBM 210 Extra"]
[Source "ChessBase"]
[SourceDate "2022.11.30"]
[SourceVersion "1"]
[SourceVersionDate "2022.11.30"]
[SourceQuality "1"]

1. e4 c5 2. c3 e6 3. d4 d5 4. exd5 exd5 5. Nf3 Nc6 6. Bb5 Bd6 7. dxc5 Bxc5 8. 0-0 Nge7 9. Nbd2 0-0 10. Nb3 Bb6 11. Re1 Bg4 12. h3 Bh5 13. Be3 Bxe3 14. Rxe3 Nf5 15. Re1 Bg6 16. Qd2 a6 17. Bd3 Qd6 18. Rad1 Rad8 19. Bxf5 Bxf5 20. c4 Qf6 21. cxd5 Be6 22. d6 Bxh3 23. Qc3 Qxc3 24. bxc3 Bc8 25. c4 f6 26. Nc5 Rf7 27. Na4 b5 28. Nb6 bxc4 29. Nxc4 Bg4 30. Rd3 Bxf3 31. gxf3 Rb7 32. f4 Kf7 33. Rd5 Rb5 34. Red1 Rxd5 35. Rxd5 Ke6 36. Rc5 Kd7 37. Rh5 h6 38. Rh3 Nd4 39. Ra3 Kc6 40. Kf1 Kc5 41. Rc3 Nb5 42. Rc2 Nxd6 43. Ne5+ Kd5 44. Nc6 Ra8 45. Nb4+ Ke4 46. Rc6 a5 47. Na6 Nf5 48. Rc4+ Kf3 49. Nc5 Rc8 50. Rc3+ Kg4 51. Ke2 h5 52. f3+ Kh3 53. Kf2 Ng3 54. f5 h4 55. a4 Kh2 56. Rc1 h3 57. Rc2 Rc7 58. Rc1 Nxf5 59. f4 Nd4 60. Ke3 Nb3 61. Rc2+ Kg1 62. Rb2 Rxc5 63. Rxb3 h2 0-1

[Event "POL-chT Ekstraliga"]
[Site "Bydgoszcz"]
[Date "2022.09.03"]
[Round "1.2"]
[White "Krasenkow, Michal"]
[Black "Leniart, Arkadiusz"]
[Result "1/2-1/2"]
[WhiteElo "2545"]
[BlackElo "2479"]
[PlyCount "106"]
[EventDate "2022.09.03"]
[EventType "team-tourn"]
[EventRounds "9"]
[EventCountry "POL"]
[SourceTitle "CBM 210 Extra"]
[Source "ChessBase"]
[SourceDate "2022.11.30"]
[SourceVersion "1"]
[SourceVersionDate "2022.11.30"]
[SourceQuality "1"]
[WhiteTeam "Gorzow Wielkopolski Stilon"]
[BlackTeam "Krakow Dwie Wieze"]
[WhiteTeamCountry "POL"]
[BlackTeamCountry "POL"]

1. Nf3 d5 2. d4 Nf6 3. c4 e6 4. Nc3 Nbd7 5. cxd5 exd5 6. Bg5 c6 7. e3 Be7 8. Qc2 Nf8 9. Rb1 Ne6 10. Bxf6 Bxf6 11. b4 a6 12. Bd3 g6 13. 0-0 0-0 14. a4 Ng7 15. b5 axb5 16. axb5 Bf5 17. Bxf5 Nxf5 18. Na4 Qa5 19. Nc5 Qc7 20. Nd3 Rfc8 21. bxc6 bxc6 22. Rfc1 Be7 23. Rb3 Bd6 24. Rc3 Ne7 25. h4 h5 26. g3 Ra3 27. Rxa3 Bxa3 28. Ra1 Bd6 29. Nfe1 Nf5 30. Ng2 Qe7 31. Ndf4 Qe4 32. Rc1 Qxc2 33. Rxc2 Ne7 34. Nd3 Kf8 35. Nge1 Ke8 36. Nc5 Bxc5 37. Rxc5 Rb8 38. Nd3 f6 39. Ra5 Kf7 40. Ra7 Ke6 41. Nc5+ Kf7 42. Rd7 Rb1+ 43. Kg2 Rb2 44. Kf3 g5 45. hxg5 fxg5 46. Nd3 Rd2 47. Ne5+ Ke6 48. Rd8 c5 49. Re8 g4+ 50. Kg2 cxd4 51. exd4 Kf6 52. Rf8+ Ke6 53. Re8 Kf6 1/2-1/2

[Event "Mirandela op 3rd"]
[Site "Mirandela"]
[Date "2022.08.23"]
[Round "9"]
[White "Quesada Perez, Yasser"]
[Black "Leniart, Arkadiusz"]
[Result "0-1"]
[WhiteElo "2574"]
[BlackElo "2476"]
[PlyCount "106"]
[EventDate "2022.08.17"]
[EventType "swiss"]
[EventRounds "9"]
[EventCountry "POR"]
[SourceTitle "CBM 209 Extra"]
[Source "ChessBase"]
[SourceDate "2022.09.30"]
[SourceVersion "1"]
[SourceVersionDate "2022.09.30"]
[SourceQuality "1"]

1. e4 e5 2. Nf3 Nc6 3. Bc4 Nf6 4. Ng5 d5 5. exd5 Na5 6. Bb5+ c6 7. dxc6 bxc6 8. Bd3 Nd5 9. Nf3 Bd6 10. 0-0 0-0 11. Re1 f5 12. Nxe5 Qf6 13. Nf3 g5 14. c4 Nf4 15. Bf1 g4 16. d4 gxf3 17. Qxf3 Ne6 18. Qc3 c5 19. dxc5 Qxc3 20. Nxc3 Bxc5 21. Nd5 Nc6 22. Bh6 Rf7 23. Be2 Ncd4 24. b4 Bf8 25. Bxf8 Kxf8 26. Rad1 Bb7 27. Bf1 Rd8 28. Re5 Rfd7 29. Rde1 Ng5 30. f4 Ngf3+ 31. gxf3 Nxf3+ 32. Kf2 Nxe5 33. fxe5 Bxd5 34. cxd5 Rxd5 35. Bc4 Rd2+ 36. Kf3 R8d4 37. Rc1 Rxh2 38. Bb3 Ke7 39. Rg1 Rd3+ 40. Kf4 Rf2+ 41. Kg5 Re3 42. e6 Re4 43. b5 Rd4 44. Rg3 h6+ 45. Kxh6 Rg4 46. Rh3 Rfg2 47. Rh5 Rg6+ 48. Kh7 Rg7+ 49. Kh8 Rg8+ 50. Kh7 R2g7+ 51. Kh6 Kf6 52. Rxf5+ Kxf5 53. e7 Rg6+ 0-1

[Event "Mirandela op 3rd"]
[Site "Mirandela"]
[Date "2022.08.19"]
[Round "4"]
[White "Leniart, Arkadiusz"]
[Black "Rego, Pedro Filipe"]
[Result "1-0"]
[WhiteElo "2476"]
[BlackElo "2251"]
[PlyCount "75"]
[EventDate "2022.08.17"]
[EventType "swiss"]
[EventRounds "9"]
[EventCountry "POR"]
[SourceTitle "CBM 209 Extra"]
[Source "ChessBase"]
[SourceDate "2022.09.30"]
[SourceVersion "1"]
[SourceVersionDate "2022.09.30"]
[SourceQuality "1"]

1. e4 c5 2. c3 d5 3. exd5 Qxd5 4. d4 Nc6 5. Nf3 Bf5 6. Be3 Bxb1 7. Rxb1 cxd4 8. Nxd4 0-0-0 9. Nxc6 Qxc6 10. Qh5 Nf6 11. Qa5 a6 12. Be2 Rd5 13. Qb6 Qxb6 14. Bxb6 e6 15. b4 Ne4 16. Rb3 Be7 17. f3 Nf6 18. c4 Rd7 19. a4 Bd8 20. Be3 Bc7 21. b5 axb5 22. axb5 Ba5+ 23. Kf2 b6 24. Ra1 Kb7 25. c5 Rd5 26. Bc4 Rf5 27. c6+ Kc7 28. Rd3 Ne4+ 29. Ke2 Nd6 30. Rxd6 Kxd6 31. Rd1+ Rd5 32. Bxd5 exd5 33. Kd3 f6 34. Rc1 g5 35. Bd4 Rc8 36. Bxf6 Bb4 37. Bxg5 Bc5 38. Re1 1-0

[Event "Mirandela op 3rd"]
[Site "Mirandela"]
[Date "2022.08.17"]
[Round "1"]
[White "Goncalves, Samuel Jesus P"]
[Black "Leniart, Arkadiusz"]
[Result "0-1"]
[WhiteElo "1967"]
[BlackElo "2476"]
[PlyCount "116"]
[EventDate "2022.08.17"]
[EventType "swiss"]
[EventRounds "9"]
[EventCountry "POR"]
[SourceTitle "CBM 209 Extra"]
[Source "ChessBase"]
[SourceDate "2022.09.30"]
[SourceVersion "1"]
[SourceVersionDate "2022.09.30"]
[SourceQuality "1"]

1. e4 e5 2. Nf3 Nc6 3. d4 exd4 4. Nxd4 Bc5 5. Nxc6 Qf6 6. Qf3 Qxf3 7. gxf3 bxc6 8. Be3 Bxe3 9. fxe3 Ne7 10. Nd2 0-0 11. Bd3 f5 12. e5 d6 13. Nc4 d5 14. Na5 f4 15. e4 Rb8 16. 0-0-0 Be6 17. c4 d4 18. Nb3 Rxb3 19. axb3 c5 20. Rhg1 Nc6 21. Kc2 Kf7 22. Ra1 Rb8 23. Ra3 g6 24. Rga1 Rb7 25. Be2 g5 26. Kd2 Nxe5 27. Rxa7 Rxb3 28. Rxc7+ Kf6 29. Rxc5 Rxb2+ 30. Ke1 d3 31. Bd1 Rxh2 32. Ra6 h5 33. Rc8 Ke7 34. Re8+ Kxe8 35. Rxe6+ Kf7 36. Rxe5 Kf6 37. Rf5+ Kg6 38. Rd5 h4 39. Rxd3 h3 40. Kf1 Ra2 41. Kg1 Kh5 42. c5 Kh4 43. Rd5 Rg2+ 44. Kf1 Ra2 45. Rd7 Kg3 46. c6 h2 47. Rh7 Ra6 48. c7 Rc6 49. Bb3 Rxc7 50. Rh5 h1Q+ 51. Rxh1 Rc1+ 52. Ke2 Rxh1 53. e5 Rh2+ 54. Kf1 Kxf3 55. Bd5+ Kg3 56. e6 f3 57. Ke1 Re2+ 58. Kd1 Re5 0-1

[Event "Paleochora op 15th"]
[Site "Paleochora"]
[Date "2022.07.24"]
[Round "9"]
[White "Leniart, Arkadiusz"]
[Black "Godzwon, Iwo"]
[Result "1/2-1/2"]
[WhiteElo "2473"]
[BlackElo "2336"]
[PlyCount "105"]
[EventDate "2022.07.17"]
[EventType "swiss"]
[EventRounds "9"]
[EventCountry "GRE"]
[SourceTitle "CBM 209 Extra"]
[Source "ChessBase"]
[SourceDate "2022.09.30"]
[SourceVersion "1"]
[SourceVersionDate "2022.09.30"]
[SourceQuality "1"]

1. e4 c5 2. c3 d5 3. exd5 Qxd5 4. d4 Nc6 5. Nf3 Bf5 6. Be3 cxd4 7. cxd4 e6 8. Nc3 Bb4 9. a3 Bxc3+ 10. bxc3 Nf6 11. Be2 0-0 12. 0-0 Rac8 13. c4 Qd6 14. Qb3 Ng4 15. c5 Qc7 16. h3 Nxe3 17. Qxe3 Rfd8 18. Rfd1 Ne7 19. Ne5 Nd5 20. Qb3 Be4 21. Rac1 Nf4 22. Bf1 Ng6 23. Nc4 Bd5 24. Qa4 Bxc4 25. Rxc4 Ne7 26. Be2 Nd5 27. Qb3 b6 28. Rdc1 Rb8 29. Bf3 g6 30. Bxd5 Rxd5 31. cxb6 Rxb6 32. Qf3 Qe7 33. Rc7 Rd7 34. Qa8+ Kg7 35. Qxa7 Rxc7 36. Qxc7 Qxc7 37. Rxc7 Rb1+ 38. Kh2 Rb3 39. Ra7 Rd3 40. Ra4 g5 41. f3 Kg6 42. Kg3 Rb3 43. h4 h6 44. Ra7 Rd3 45. h5+ Kxh5 46. Rxf7 Kg6 47. Ra7 Rxd4 48. a4 e5 49. a5 e4 50. a6 exf3 51. gxf3 Ra4 52. Ra8 Kg7 53. Kf2 1/2-1/2

[Event "Paleochora op 15th"]
[Site "Paleochora"]
[Date "2022.07.21"]
[Round "6"]
[White "Kouskoutis, Georgios Alexandros"]
[Black "Leniart, Arkadiusz"]
[Result "0-1"]
[WhiteElo "2292"]
[BlackElo "2473"]
[PlyCount "92"]
[EventDate "2022.07.17"]
[EventType "swiss"]
[EventRounds "9"]
[EventCountry "GRE"]
[SourceTitle "CBM 209 Extra"]
[Source "ChessBase"]
[SourceDate "2022.09.30"]
[SourceVersion "1"]
[SourceVersionDate "2022.09.30"]
[SourceQuality "1"]

1. c4 e5 2. g3 c6 3. Bg2 d5 4. cxd5 cxd5 5. d4 e4 6. a3 Nc6 7. Nc3 Be7 8. f3 exf3 9. Nxf3 Nf6 10. Bg5 0-0 11. Bxf6 Bxf6 12. 0-0 Re8 13. Qd3 a6 14. b4 g6 15. e3 Bf5 16. Qd2 Rc8 17. Kh1 Bg7 18. Ng1 Qg5 19. Rf4 Be6 20. Re1 h5 21. Nh3 Qd8 22. Rff1 g5 23. Nf2 b6 24. Rc1 Ne7 25. e4 dxe4 26. Nfxe4 Nd5 27. Nxd5 Rxc1 28. Ndf6+ Bxf6 29. Nxf6+ Qxf6 30. Qxc1 Qd8 31. Qc6 Re7 32. Qf3 Rd7 33. Qxh5 Rxd4 34. h3 Kg7 35. Kh2 Rd2 36. Qf3 Qd4 37. Rg1 Bd5 38. Qf5 f6 39. Qd7+ Kg6 40. Qe8+ Bf7 41. Qa8 Qe3 42. Kh1 Kg7 43. Qf3 Qe5 44. g4 Bd5 45. Qf5 Qg3 46. Qd7+ Kh6 0-1

[Event "Paleochora op 15th"]
[Site "Paleochora"]
[Date "2022.07.18"]
[Round "2"]
[White "Sidiropoulos, Nikolaos"]
[Black "Leniart, Arkadiusz"]
[Result "0-1"]
[WhiteElo "2167"]
[BlackElo "2473"]
[PlyCount "88"]
[EventDate "2022.07.17"]
[EventType "swiss"]
[EventRounds "9"]
[EventCountry "GRE"]
[SourceTitle "CBM 209 Extra"]
[Source "ChessBase"]
[SourceDate "2022.09.30"]
[SourceVersion "1"]
[SourceVersionDate "2022.09.30"]
[SourceQuality "1"]

1. d4 Nf6 2. c4 e6 3. Nc3 Bb4 4. a3 Bxc3+ 5. bxc3 c5 6. Qc2 Nc6 7. Nf3 d6 8. e4 e5 9. d5 Ne7 10. Bg5 Ng6 11. Nh4 h6 12. Nxg6 fxg6 13. Be3 0-0 14. Be2 g5 15. f3 g4 16. 0-0 gxf3 17. Bxf3 Qe8 18. Bf2 g5 19. Be3 Qg6 20. Rf2 Bd7 21. Raf1 Kg7 22. Bd2 Rf7 23. g3 Bh3 24. Bg2 Bxg2 25. Kxg2 Raf8 26. Rf5 Nxe4 27. Rxf7+ Rxf7 28. Rxf7+ Kxf7 29. Be1 Nf6 30. Qb3 Qe4+ 31. Kf1 Qf3+ 32. Kg1 b6 33. Qa4 e4 34. Qxa7+ Kg6 35. Qe7 e3 36. g4 e2 37. Bf2 Qxg4+ 38. Bg3 h5 39. Kf2 h4 40. Bxd6 Ne4+ 41. Ke1 Qg1+ 42. Kxe2 Qf2+ 43. Kd3 Qd2+ 44. Kxe4 Qe2# 0-1

[Event "Paleochora op 15th"]
[Site "Paleochora"]
[Date "2022.07.17"]
[Round "1"]
[White "Leniart, Arkadiusz"]
[Black "Androni, Konstantina"]
[Result "1-0"]
[WhiteElo "2473"]
[BlackElo "1982"]
[PlyCount "85"]
[EventDate "2022.07.17"]
[EventType "swiss"]
[EventRounds "9"]
[EventCountry "GRE"]
[SourceTitle "CBM 209 Extra"]
[Source "ChessBase"]
[SourceDate "2022.09.30"]
[SourceVersion "1"]
[SourceVersionDate "2022.09.30"]
[SourceQuality "1"]

1. e4 c5 2. Nf3 d6 3. d4 cxd4 4. Nxd4 Nf6 5. Nc3 g6 6. g3 Bg7 7. Bg2 0-0 8. 0-0 Nc6 9. Nde2 Bd7 10. h3 Rc8 11. Be3 Qa5 12. Nd5 Nxd5 13. exd5 Ne5 14. Bd4 Bxh3 15. Bxh3 Nf3+ 16. Kh1 Nxd4 17. Nxd4 Qxd5+ 18. Nf3 Qxd1 19. Rfxd1 Rxc2 20. Rd2 Rxd2 21. Nxd2 e6 22. Rc1 Bxb2 23. Rb1 Bd4 24. Rxb7 Bxf2 25. Ne4 Bb6 26. Nf6+ Kg7 27. Nd7 Re8 28. Nxb6 axb6 29. a4 d5 30. Bf1 e5 31. Rxb6 e4 32. a5 Rc8 33. Rb1 Kf6 34. a6 Rc7 35. Ra1 Ra7 36. Bb5 Ke5 37. Bc6 e3 38. Kg2 d4 39. Kf3 f5 40. Ra5+ Kd6 41. Bb7 f4 42. gxf4 h5 43. Rd5+ 1-0

[Event "Warsaw Maciei Memorial"]
[Site "Warsaw"]
[Date "2022.07.08"]
[Round "6"]
[White "Goraj, Barbara"]
[Black "Leniart, Arkadiusz"]
[Result "1/2-1/2"]
[WhiteElo "2035"]
[BlackElo "2473"]
[PlyCount "97"]
[EventDate "2022.07.08"]
[EventType "swiss (blitz)"]
[EventRounds "11"]
[EventCountry "POL"]
[SourceTitle "CBM 209 Extra"]
[Source "ChessBase"]
[SourceDate "2022.09.30"]
[SourceVersion "1"]
[SourceVersionDate "2022.09.30"]
[SourceQuality "1"]

1. e4 e5 2. Nf3 Nc6 3. Bb5 a6 4. Bxc6 dxc6 5. 0-0 Ne7 6. d4 exd4 7. Nxd4 c5 8. Ne2 Qxd1 9. Rxd1 Bd7 10. Nbc3 0-0-0 11. Bg5 f6 12. Be3 b6 13. Nf4 Ng6 14. Nxg6 hxg6 15. Nd5 g5 16. Rd2 Re8 17. f3 g4 18. Bf4 gxf3 19. gxf3 c4 20. Nxc7 Bc5+ 21. Kh1 Be3 22. Bxe3 Kxc7 23. Bxb6+ Kc8 24. Rad1 Bc6 25. Bf2 f5 26. Rd4 fxe4 27. Rxc4 Kb7 28. fxe4 Rxe4 29. Rxe4 Bxe4+ 30. Kg1 Kc6 31. c3 Rh6 32. Bg3 Re6 33. Re1 g6 34. Kf2 a5 35. Ke3 Bd5+ 36. Kf4 Rxe1 37. Bxe1 Bxa2 38. Kg5 Bb1 39. Bf2 Kb5 40. Bd4 Kc4 41. Bf6 a4 42. Be7 Kb3 43. Ba3 Bc2 44. h4 Kc4 45. Kf4 Bb1 46. Kg5 Bc2 47. h5 gxh5 48. Kxh5 Bb3 49. Kg5 1/2-1/2

[Event "Warsaw Maciei Memorial"]
[Site "Warsaw"]
[Date "2022.07.08"]
[Round "8"]
[White "Mickiewicz, Piotr"]
[Black "Leniart, Arkadiusz"]
[Result "1-0"]
[WhiteElo "2284"]
[BlackElo "2473"]
[PlyCount "111"]
[EventDate "2022.07.08"]
[EventType "swiss (blitz)"]
[EventRounds "11"]
[EventCountry "POL"]
[SourceTitle "CBM 209 Extra"]
[Source "ChessBase"]
[SourceDate "2022.09.30"]
[SourceVersion "1"]
[SourceVersionDate "2022.09.30"]
[SourceQuality "1"]

1. e4 e5 2. Nf3 Nc6 3. Bb5 a6 4. Ba4 Nf6 5. 0-0 Be7 6. Qe2 b5 7. Bb3 0-0 8. c3 d6 9. h3 Na5 10. Bc2 c5 11. d4 Qc7 12. d5 Bd7 13. b3 c4 14. b4 Nb7 15. a4 Rfb8 16. Be3 Nd8 17. axb5 axb5 18. Nbd2 Ne8 19. g4 g6 20. Kh1 Ng7 21. Rg1 f6 22. Nh2 Nf7 23. h4 Qb7 24. f4 exf4 25. Bxf4 Ne5 26. Ndf3 Rxa1 27. Rxa1 Ra8 28. Rg1 Ra2 29. Nd4 Qa7 30. g5 Qa3 31. Bd2 fxg5 32. hxg5 Nh5 33. Qf2 Ra1 34. Nf1 Ng4 35. Qf3 Ne5 36. Qf2 Qb2 37. Ne3 Rxg1+ 38. Qxg1 Nf7 39. Ng4 Kg7 40. Qh2 Qa1+ 41. Kg2 Nxg5 42. Nf2 Nf7 43. Ne6+ Bxe6 44. dxe6 Ne5 45. Qh3 Qb2 46. Qe3 Qxc2 47. Qh6+ Kg8 48. Qe3 Nd3 49. Ng4 Nf6 50. Nh6+ Kg7 51. e5 dxe5 52. Nf7 Ng4 53. Qe2 e4 54. Kg3 e3 55. Qxg4 Qxd2 56. Qd4+ 1-0

[Event "Krakow op-A"]
[Site "Krakow"]
[Date "2022.07.01"]
[Round "8"]
[White "Leniart, Arkadiusz"]
[Black "Kozak, Antoni"]
[Result "1-0"]
[WhiteElo "2476"]
[BlackElo "2459"]
[PlyCount "81"]
[EventDate "2022.06.25"]
[EventType "swiss"]
[EventRounds "9"]
[EventCountry "POL"]
[SourceTitle "CBM 209 Extra"]
[Source "ChessBase"]
[SourceDate "2022.09.30"]
[SourceVersion "1"]
[SourceVersionDate "2022.09.30"]
[SourceQuality "1"]

1. e4 c5 2. Nf3 d6 3. d4 cxd4 4. Nxd4 Nf6 5. Nc3 a6 6. g3 g6 7. Bg2 Bg7 8. 0-0 Bg4 9. Nde2 Qc8 10. Bg5 Nc6 11. Bxf6 Bxf6 12. Nd5 Bd4 13. c3 Ba7 14. Kh1 Kf8 15. f3 Bh3 16. Bxh3 Qxh3 17. g4 Qh4 18. Nef4 h5 19. Ng2 Qg5 20. f4 Qxg4 21. Rf3 Qd7 22. Qb3 Rd8 23. Raf1 e6 24. f5 gxf5 25. Nf6 Qe7 26. exf5 Ne5 27. Rf4 Nd3 28. fxe6 Qxe6 29. Qxe6 fxe6 30. R4f3 Ne5 31. Rg3 h4 32. Nh7+ Ke8 33. Rg7 Ng4 34. Rff7 Rxh7 35. Rxh7 h3 36. Nf4 Nf2+ 37. Kg1 Ne4+ 38. Kf1 Ng5 39. Re7+ Kf8 40. Ng6+ Kg8 41. Reg7# 1-0